| 000 | 00649cam a22002411 4500 | ||
|---|---|---|---|
| 001 | 12302 | ||
| 003 | BD-RjUL | ||
| 005 | 20211208235253.0 | ||
| 008 | 140128s1966 enka 001 0 eng | ||
| 035 | _a(BD-RjUL)12351 | ||
| 035 | _a(OCoLC)1630833 | ||
| 040 |
_aDLC _cF _dBD-RjUL _beng |
||
| 041 | _aeng | ||
| 082 |
_a621.3192 _bFAP 1966 |
||
| 100 | 1 |
_aFaulkner, E. A. _938212 |
|
| 245 | 1 | 0 |
_aPrinciples of linear circuits / _cE. A. Faulkner. |
| 260 |
_aLondon : _bChapman & Hall, _cc1966. |
||
| 300 |
_ax, 116 p. _bill. ; _c22 cm. |
||
| 504 | _aInclude index. | ||
| 650 | 0 |
_aElectric circuits. _927774 |
|
| 942 |
_2ddc _cBK |
||
| 999 |
_c12302 _d12302 |
||